000 00463nam a22001697a 4500
999 _c11044
_d11044
003 OSt
008 201119b ||||| |||| 00| 0 eng d
020 _a9788177229974
082 _a004.678
_bDTW
100 _aDT Editorial Services
245 _aWeb Technologies: HTML, JAVA Script, PHP, JAVA, JSP, ASP.NET, XML and AJAX
250 _aRep
260 _aNew Delhi
_bDreamtech Press
_c2018
300 _a1354
650 _aBachelor of Commerce
942 _2ddc
_cBK